000 004190000a22001570004500
020 _a84-206-1717-2
041 0 _aSPA
082 0 4 _aG 814 A8328t
100 1 _aAsimov, Isaac (1920-)
245 1 0 _aLa tragedia de la luna / Isaac Asimov; Antonio Escohotado, Traductor
260 _aMadrid, España : Alianza
300 _a268 Pag
500 _aTítulo original : The tragedy of the moon
001 10843
942 _cBK
999 _c40271
_d40271